Configurational statistics of polymeric chains (Record no. 20484)

MARC details
000 -LEADER
fixed length control field 00300nam a2200109Ia 4500
082 ## - DEWEY DECIMAL CLASSIFICATION NUMBER
Classification number 678:541.6
Item number HIG.17
100 ## - MAIN ENTRY--AUTHOR NAME
Personal name Volkenstein, M V
245 #0 - TITLE STATEMENT
Title Configurational statistics of polymeric chains
260 ## - PUBLICATION, DISTRIBUTION, ETC. (IMPRINT)
Place of publication New York
Name of publisher John Wiley
Year of publication 1963
942 ## - ADDED ENTRY ELEMENTS (KOHA)
Koha item type Books
Holdings
Withdrawn status Lost status Damaged status Not for loan Home library Current library Date acquired Cost, normal purchase price Full call number Accession Number Koha item type
        RRII Library RRII Library 16/12/2021 20.00 678:541.6 HIG.17 01209 Books